| 000 | 00873cab a2200253 4500 | ||
|---|---|---|---|
| 001 | ABS53185 | ||
| 008 | 090401t1995 xxu||||| |||| 00| 0 eng d | ||
| 035 | _a(Sirsi) u2561 | ||
| 041 | _aeng | ||
| 100 | _aAitkenhead, K. | ||
| 245 | 3 | _aAn informative guide to the specification of plasters and renders | |
| 260 | _c1995 | ||
| 350 | _a0 | ||
| 490 |
_aStructural Survey _v13(1) 1995, 12-17(6) |
||
| 520 | _aAdvises on the choice of plaster or render for different situations, lists reasons for bond failure and cracking of cementitious plaster and renders, for dampness salting mould growth and for finishing plaster problems. | ||
| 650 | _aBUILT ENVIRONMENT-BUILDING MATERIALS | ||
| 650 | _aCONDENSATION | ||
| 650 | _aDEFECTS | ||
| 650 | _aPLASTER | ||
| 650 | _aRENDERS | ||
| 690 | _aBUILT ENVIRONMENT-BUILDING MATERIALS | ||
| 942 | _n0 | ||
| 948 | _c04/03/1997 | ||
| 999 |
_c1541 _d1541 |
||